000 00372nam a2200121Ia 4500
008 160609s9999 xx 000 0 und d
100 _aCoalson, Nat.
245 _aLightroom 4: Streamlining Your Digital Photography Process
245 _cBy:Nat Coalson
260 _c2012
650 _xDIGITAL PHOTOGRAPHY
856 _uhttp://file.ebook777.com/004/Lig4StrYouDigPhoPro.zip
999 _c295748
_d295748